| 000 | 00820cad a22002415a 4500 | ||
|---|---|---|---|
| 001 | L159186 | ||
| 008 | 110131s2016 xxk f 100 0 eng d | ||
| 035 | _a(Sirsi) u159186 | ||
| 041 | 0 | _aeng | |
| 050 | 0 | 4 | _a333.3307 |
| 100 | 1 | _aRogers, Karen | |
| 245 | 0 | 0 |
_aNo gain without pain? _h[electronic resource] |
| 260 |
_aLondon _bRICS _c2016 |
||
| 490 | 0 |
_aConstruction Journal _vFebruary/March 2016, 10-11(2) |
|
| 520 | _aDiscusses the challenges and rewards of the APC process with a candidate, an assessor/chair and a counsellor. | ||
| 590 | _aKA | ||
| 650 | 2 | 4 |
_aAPC _96216 |
| 650 | 2 | 4 | _aRICS |
| 651 | 4 |
_aUnited Kingdom _y |
|
| 690 |
_aAPC _96216 |
||
| 856 | 4 | 0 |
_uhttps://www.rics.org/Global/Construction_Journal_February-March_2016.pdf _zView the journal free of charge at www.rics.org/journals... |
| 942 | _n0 | ||
| 999 |
_c115727 _d115727 |
||